Zootopia - Characters by Picture - Statistics

General Stats
  • This quiz has been taken 330 times
  • The average score is 8 of 30
Answer Stats
Picture Answer % Correct
Officer Judith Laverne 'Judy' Hopps
97%
Nicholas Piberius 'Nick' Wilde
96%
Chief Bogo
62%
Flash
59%
Gazelle
48%
Mayor Lionheart
48%
Dawn Bellwether
47%
Mr. Big
45%
Officer Benjamin Clawhauser
39%
Gideon Grey
38%
Mrs. Otterton
34%
Duke Weaselton
32%
Stu Hopps
27%
Bonnie Hopps
25%
Fru Fru
23%
Priscilla
21%
Finnick
18%
Yax
18%
Officer McHorn
8%
Tru Tru
8%
Jerry Jumbeaux Jr.
7%
Peter Moosebridge
5%
Sam
5%
Dr. Madge Honey Badger
4%
Fabienne Growley
4%
Mandy
4%
Gerald
3%
Brianca
2%
Charisma
2%
Christine
2%
No matching quizzes found
Score Distribution
Percent of People with Each Score
Percentile by Number Answered
Your Score History
You have not taken this quiz